Widok standardowy
Widok MARC
Pozycja Personal Name
Liczba rekordów, w których użyto hasła: 2
001 - Numer kontrolny
- control field: 39498
003 - Identyfikator numeru kontrolnego
- control field: NUKAT
005 - Data i czas ostatniej modyfikacji
- control field: 20260407112212.0
008 - Dane kontrolne kodowane (40 znaków)
- fixed length control field: 000630n||aaznnbabn |a ana |c
010 ## - Numer kontrolny Biblioteki Kongresu
- numer kontrolny LC: s 02322083
040 ## - Instytucja sporządzająca rekord
- inst. przygot. dane do rek. khw: WR U/BK
- język haseł przedmiotowych/tezaurus: kaba
- inst. wprow. rek. khw: WR U/BK
- inst. modyf. rek. khw: WA U/MN
100 1# - Hasło - nazwa osobowa
- nazwa osobowa w formie ujednoliconej: Piłsudski, Józef
- daty biograficzne: (1867-1935)
- określnik rzeczowy: w prasie.